LEADER 02021nam a2200361 u 4500 001 000000012768 003 CaOOAMICUS 005 20070226105557.0 008 940517s1960 fr u000 u fre u 035 $a10307324 040 $aPUL(R)$bita 110 2 $aUniversité de Strasbourg.$bFaculté de théologie catholique.$0(OLS)http://pul/name/12117 245 12$aL'ecclésiologie au XIXe siècle /$cpar M. Nédoncelle ... [et al.]. 260 $aParis :$bLes Éditions du Cerf,$c1960. 300 $a392 p. ;$c25 cm 490 1 $aUnam Sanctam ;$v34 500 $a"...Revue des sciences religieuses...34. Année, n. 2-4, avr.-oct. 1960. Actes du colloque d'ecclésiologie tenu à la Faculté du 26 au 28 novembre 1959..." 650 4$aChiesa$xDottrine$xStoria.$0(OLS)http://pul/subject/9447 700 1 $aNédoncelle, Maurice,$d1905-$0(OLS)http://pul/name/5761 830 0$aUnam Sanctam ;$v34.$0(OLS)http://pul/title/230 850 $aPUL 852 $aPUL$W1$xDP1 Fondo Capitani$y116$m3 C 47$j19640$qFondi$B162713$CPULBib$Z2$F162713 $HCap688 $82 852 $aPUL$W1$xDP1 Fondo Maccarrone$y58$m1506 B 17$j18013$nBK-PRI$b $qFondi$B18013$CPULBib$Z2$F18013 $H $81 852 $aPUL$W1$xSL Religione 2$y84$mTheol A10 34$j18014$nBK-PRI$b $qStampati altre collocazioni$B18014$CPULBib$Z2$F18014 $H $81 852 $aPUL$W1$xDP1 Fondo Pastorale$y55$mP3 A 35$j18015$nBK-PRI$b $qFondi$B18015$CPULBib$Z2$F18015 $H $81 852 $aPUL$W1$xDP1 Fondo Bordoni$y120$m3 M 90.34$j174165$qFondi$B176678$CPULBib$Z2$F176678 $HBor1883 $81 941 1 $a1 941 1 $a10 961 $aINV: 01749 -- Fondo Mons. M. Maccarrone 961 $aINV: 23374 961 $aNota ms. di possesso : Capitani 996 $6245$aL'ecclésiologie au XIXe siècle$9(OLS)http://pul/title/18468 996 $6260$aParis :$bLes Éditions du Cerf$9(OLS)http://pul/publisher/47861 LEADER 01665namaa2200325 a 4500 001 000000177853 003 CaOOAMICUS 005 20250613105301.0 008 250613r2023 vc ho u000 u ita r 020 $a978-88-266-0805-1* 040 $aPUL$bita 082 04$a270.82 245 13$aIl cardinale Eugène Tisserant orientalista, pastore "giusto tra le nazioni" :$bnel 50° anniversario della scomparsa (1972-2022) /$ca cura di Bernard Ardura. 260 $aCittà del Vaticano :$bLibreria editrice vaticana,$c[2023] 300 $a76 pagine :$bfacsimili, fotografie ;$c20 cm 336 $atesto$btxt$2rdacontent 337 $asenza mediazione$bn$2rdamedia 338 $avolume$bnc$2rdacarrier 500 $aIn testa al front : Pontificio Comitato di Scienze Storiche. 600 14$aTisserant, Eugène,$ccardinale,$d1884-1972.$0(OLS)http://pul/subject/10872 700 1 $aArdura, Bernard,$cO. Praem. ,$d1948-,$ecuratore.$0(OLS)http://pul/name/45508 710 2 $aPontificio Comitato di scienze storiche$esponsor.$0(OLS)http://pul/name/5031 850 $aPUL 852 $aPUL$W1$xSL Religione 3$y85$m270. 82 ARDBE 1$j201773$qDDC 21$B206831$CPULBib$Z2$F206831 $H136374 $82 941 1 $a9 996 $6020$a978-88-266-0805-1*$9(OLS)http://pul/number/170431 996 $6082$a270.82$9(OLS)http://pul/classification/2732 996 $6245$aIl cardinale Eugène Tisserant orientalista, pastore "giusto tra le nazioni" :$bnel 50° anniversario della scomparsa (1972-2022) / $9(OLS)http://pul/title/219408 996 $6260$aCittà del Vaticano :$bLibreria editrice vaticana$9(OLS)http://pul/publisher/47920